स्वच्छन्दतावादी नाटक और मनोविज्ञान / (Record no. 113149)

MARC details
000 -LEADER
fixed length control field 01105nam a22002657a 4500
005 - DATE AND TIME OF LATEST TRANSACTION
control field 20170124102949.0
010 ## - LIBRARY OF CONGRESS CONTROL NUMBER
LC control number 805403
020 ## - INTERNATIONAL STANDARD BOOK NUMBER
Terms of availability 45.00
035 ## - SYSTEM CONTROL NUMBER
System control number 805403
037 ## - SOURCE OF ACQUISITION
Source of stock number/acquisition Cen Lib/Ret
040 ## - CATALOGING SOURCE
Original cataloging agency DPL
Language of cataloging HN
082 ## - DEWEY DECIMAL CLASSIFICATION NUMBER
Classification number 822.08
Item number मालीशि
100 ## - MAIN ENTRY--PERSONAL NAME
Personal name माली, शिवराम
9 (RLIN) 210
245 ## - TITLE STATEMENT
Title स्वच्छन्दतावादी नाटक और मनोविज्ञान /
Statement of responsibility, etc शिवराम माली
246 ## - VARYING FORM OF TITLE
Title proper/short title Swachchhandatavadi natak aur manovgyan /
Remainder of title by Shivram Mali
260 ## - PUBLICATION, DISTRIBUTION, ETC. (IMPRINT)
Place of publication, distribution, etc कानपूर
Name of publisher, distributor, etc पुस्तक संस्थान
Date of publication, distribution, etc 1976
270 ## - ADDRESS
City कानपूर
Address 109/50ए , नेहरु नगर
Postal code 20801
300 ## - PHYSICAL DESCRIPTION
Extent 352पृ.
Dimensions 21सेमी (सजिल्द)
500 ## - GENERAL NOTE
General note परिशिष्ट और सन्दर्भ सूची शामिल
650 ## - SUBJECT ADDED ENTRY--TOPICAL TERM
Topical term or geographic name as entry element हिन्दी साहित्य
9 (RLIN) 50862
650 ## - SUBJECT ADDED ENTRY--TOPICAL TERM
Topical term or geographic name as entry element नाटक
9 (RLIN) 50863
650 ## - SUBJECT ADDED ENTRY--TOPICAL TERM
Topical term or geographic name as entry element Hindi literature
9 (RLIN) 50864
650 ## - SUBJECT ADDED ENTRY--TOPICAL TERM
Topical term or geographic name as entry element Novel
9 (RLIN) 22513
942 ## - ADDED ENTRY ELEMENTS (KOHA)
Source of classification or shelving scheme Dewey Decimal Classification
Koha item type Hindi Books
Classification part 822.08
Call number suffix मालीशि
Holdings
Withdrawn status Lost status Damaged status Not for loan Home library Current library Date acquired Source of acquisition Cost, normal purchase price Total Checkouts Full call number Barcode Date last seen Copy number Cost, replacement price Price effective from Koha item type
        Central Library Central Library 11/08/2015 Cen Lib/Ret 45.00   822.08 मालीशि 805403 11/08/2015 1 45.00 11/08/2015 Hindi Books

© Delhi Public Library
Hit Counter
free hit counter